IJCAI-79 : Proceedings of the Sixth International Joint Conference on Artificial Intelligence Tokyo, August 20-23, 1979

Αποθηκεύτηκε σε:
Λεπτομέρειες βιβλιογραφικής εγγραφής
Συλλογικό Έργο: International Joint Conference on Artificial Intelligence Tokyo, Information Processing Society of Japan
Μορφή: Πρακτικό Συνεδρίου Βιβλίο
Γλώσσα:English
Δημοσίευση: Los Altos, California : Morgan Kaufmann (Distributor), c1979
Θέματα:
Ετικέτες: Προσθήκη ετικέτας
Δεν υπάρχουν, Καταχωρήστε ετικέτα πρώτοι!

MARC

LEADER 00000nam a2200000 i 4500
001 1/64378
008 960403s1979 eng d
020 |a 0-934613-47-8 
035 |a 1995  |c ΔΑΡΖΕΝΤΑΣ  |l 10046954 
040 |a GR-MY-UA  |b gre  |e aacr 
041 0 |a eng 
082 0 |a 006.3 
111 0 |a International Joint Conference on Artificial Intelligence  |n 6th  |d August 20-23, 1979  |c Tokyo. 
245 1 0 |a IJCAI-79 :  |b Proceedings of the Sixth International Joint Conference on Artificial Intelligence Tokyo, August 20-23, 1979 /  |c Sponsored by International Joint Conference on Artificial Intelligence and Information Processing Society of Japan 
260 |a Los Altos, California :   |b Morgan Kaufmann (Distributor),   |c c1979 
300 |a 2 vols (1131 p.);  |c 28cm. 
500 |a Includes bibliographical references and index 
650 0 0 |a Artificial intelligence  |x Congresses. 
710 2 |a Information Processing Society of Japan. 
852 |a INST  |b SAMOS  |e 19960403  |h 006.3 INT  |p 005300005859  |q 005300005859  |t BK  |y 0  |z v.2 
852 |a INST  |b SAMOS  |e 19960403  |h 006.3 INT  |p 005300005861  |q 005300005861  |t BK  |y 0  |z v.1 
852 |a INST  |b SAMOS  |e 19960403  |h 006.3 INT  |p 005300005859  |q 005300005859  |t BK  |v v.2:  |y 0  |z v.2 
852 |a INST  |b SAMOS  |e 19960403  |h 006.3 INT  |p 005300005861  |q 005300005861  |t BK  |v v.1:  |y 0  |z v.1 
853 |a INST  |b SAMOS  |h 006.3 INT 
909 |a Σ  |b 039575 
909 |a Σ  |b 039576